| 000 | 00409nam a2200181Ia 4500 | ||
|---|---|---|---|
| 001 | 4286 | ||
| 005 | 20260306145744.0 | ||
| 008 | 260306t1990||||xx |||||||||||||| ||spa|| | ||
| 041 | _aESP | ||
| 082 |
_a320.101 _bH37 1990 |
||
| 100 |
_aHeller, Hermann _eAUT |
||
| 245 | 0 | _aTeoría del estado | |
| 260 | _c1990 | ||
| 300 |
_a341 páginas : _c |
||
| 650 | _aGEN | ||
| 654 | _aCDE | ||
| 942 |
_cLIB _dJUS _fJUS _2ddc _n |
||
| 999 |
_c4286 _d4286 |
||